Κι' ύστερα ο ξεριζωμός : Έλληνες της Καππαδοκίας
Αποθηκεύτηκε σε:
| Κύριος συγγραφέας: | |
|---|---|
| Μορφή: | Βιβλίο |
| Γλώσσα: | Greek |
| Δημοσίευση: |
Αθήνα :
Γόρδιος,
c2007.
|
| Θέματα: | |
| Ετικέτες: |
Προσθήκη ετικέτας
Δεν υπάρχουν, Καταχωρήστε ετικέτα πρώτοι!
|
MARC
| LEADER | 00000cam a2200000 i 4500 | ||
|---|---|---|---|
| 001 | 1/94964 | ||
| 008 | 081006s2007 gr | ||| |||| ||gre|| | ||
| 020 | |a 9789607083937 | ||
| 035 | |l 10100656 | ||
| 040 | |a GR-MyUa |b gre |e AACR2 | ||
| 041 | 0 | |a gre | |
| 082 | 7 | |a 920 |2 (22) | |
| 100 | 1 | |a Ευσταθιάδου-Τσιλιμάγκου, Σούλα, |d 1927-2008. | |
| 245 | 1 | 0 | |a Κι' ύστερα ο ξεριζωμός : |b Έλληνες της Καππαδοκίας / |c Σούλα Ευσταθιάδου-Τσιλιμάγκου ; πρόλογος Κώστα Χατζηαντωνίου. |
| 260 | |a Αθήνα : |b Γόρδιος, |c c2007. | ||
| 300 | |a 238 σ. : |b εικ. ; |c 21 εκ. | ||
| 650 | 0 | |a Greeks |z Turkey |z Cappadocia |x History. | |
| 650 | 0 | |a Greco-Turkish War, 1921-1922 |x Refugees. | |
| 650 | 0 | |a Population transfers |x Greeks |x History |y 20th century. | |
| 852 | |a INST |b SYROS |e 20081006 |h 920 ΕΥΣ |p 005500009055 |q 005500009055 |t BK |y 0 | ||
| 901 | |a BIBL5-2008-3 | ||
| 922 | |a 5ΕΛΗ |b 200802 |c ΕΠΕΑΕΚ2/ΤΜΣΠΣ |d Σ. Πατάκης | ||
| 970 | |a Καγιαβά |b Ειρήνη |z 06/10/2008 | ||